00428 a2200109 4500001001000000005001700010008004100027245014300068100002300211773006700234999001700301ART_5884520260410162010.0260409a 10aVacunación voluntaria contra covid-19 en niñas, niños y adolescentes. Una cautelar innovativa aniquiladora de derechos fundamentales1 aWierzba, Sandra M.0 tTemas de derecho civilg- Año 9, N° 7 (jul. 2023)wREV34778 c32093d32093